ستانلي : مكتشف نهر الكنغو / (Record no. 43576)

MARC details
000 -LEADER
fixed length control field 00714nam a22002297a 4500
005 - DATE AND TIME OF LATEST TRANSACTION
control field 20251108170548.0
008 - FIXED-LENGTH DATA ELEMENTS--GENERAL INFORMATION
fixed length control field 250721s1996 xx 000 0 ara d
020 ## - INTERNATIONAL STANDARD BOOK NUMBER
International Standard Book Number 9772702118
082 14 - DEWEY DECIMAL CLASSIFICATION NUMBER
Classification number ط/923.9/بجي
100 1# - MAIN ENTRY--PERSONAL NAME
Personal name البجيرمي، سامي
245 10 - TITLE STATEMENT
Title ستانلي : مكتشف نهر الكنغو /
250 ## - EDITION STATEMENT
Edition statement ط.2
264 1# - PRODUCTION, PUBLICATION, DISTRIBUTION, MANUFACTURE, AND COPYRIGHT NOTICE
Place of production, publication, distribution, manufacture القاهرة :
Name of producer, publisher, distributor, manufacturer الدار المصرية اللبنانية،
Date of production, publication, distribution, manufacture, or copyright notice 1996.
300 ## - PHYSICAL DESCRIPTION
Extent 15ص.
490 0# - SERIES STATEMENT
Series statement الرحالة العرب و الأجانب
Volume/sequential designation 8
650 17 - SUBJECT ADDED ENTRY--TOPICAL TERM
Topical term or geographic name as entry element الأكتشافات الجغرافية
650 17 - SUBJECT ADDED ENTRY--TOPICAL TERM
Topical term or geographic name as entry element الرحالة
653 ## - INDEX TERM--UNCONTROLLED
Uncontrolled term ستانلي
653 ## - INDEX TERM--UNCONTROLLED
Uncontrolled term ناشئون صغار (10-14 سنة)
942 ## - ADDED ENTRY ELEMENTS (KOHA)
Source of classification or shelving scheme Dewey Decimal Classification
Koha item type Books
Holdings
حالة السحب حالة الفقدان مصدر التصنيف حالة التلف غير قابل للإعارة المكتبة الرئيسية المكتبة الحالية موقع الرف تاريخ التزويد الرقم المتسلسل Total Checkouts رقم الإستدعاء الباركود تاريخ آخر ظهور تاريخ الفاتورة نوع المادة (كوها)
    Dewey Decimal Classification     مكتبة قتيبة للأطفال مكتبة قتيبة للأطفال الأطفال 06/11/2017 1666844   ط/923.9/بجي PLD00409462 28/07/2025 06/11/2017 Books
    Dewey Decimal Classification     مكتبة أم المؤمنين للأطفال مكتبة أم المؤمنين للأطفال الأطفال 28/07/2025 419344   ط/923.9/بجي 419344 28/07/2025 28/07/2025 Books
    Dewey Decimal Classification     مكتبة أم قصير والمقابلين العامة مكتبة أم قصير والمقابلين العامة الأطفال 02/10/2014 364454   ط/923.9/بجي PLD00348915 28/07/2025 02/10/2014 Books
    Dewey Decimal Classification     مكتبة الأميرة ايمان العامة مكتبة الأميرة ايمان العامة الأطفال 20/11/2013 364439   ط/923.9/بجي PLD00287112 28/07/2025 20/11/2013 Books
    Dewey Decimal Classification     مكتبة الأميرة سلمى مكتبة الأميرة سلمى الأطفال 28/07/2025 364440   ط/923.9/بجي 364440 28/07/2025 28/07/2025 Books
    Dewey Decimal Classification     مكتبة الاميرة بديعة مكتبة الاميرة بديعة الأطفال 11/07/2015 364447   ط/923.9/بجي PLD00337322 28/07/2025 11/07/2015 Books
    Dewey Decimal Classification     مكتبة البراءة للأطفال مكتبة البراءة للأطفال الأطفال 10/04/2014 364438   ط/923.9/بجي PLD00298655 28/07/2025 10/04/2014 Books
    Dewey Decimal Classification     مكتبة الجويدة مكتبة الجويدة الأطفال 29/04/2015 364446   ط/923.9/بجي PLD00321823 28/07/2025 29/04/2015 Books
    Dewey Decimal Classification     مكتبة الراية الهاشمية للأطفال مكتبة الراية الهاشمية للأطفال الأطفال 28/07/2025 297827   ط/923.9/بجي 297827 28/07/2025 28/07/2025 Books
    Dewey Decimal Classification     مكتبة النصر العامة مكتبة النصر العامة الأطفال 11/05/2015 364451   ط/923.9/بجي PLD00388630 28/07/2025 11/05/2015 Books
    Dewey Decimal Classification     مكتبة بدر للأطفال مكتبة بدر للأطفال الأطفال 14/08/2022 290768   ط/923.9/بجي PLD00499184 28/07/2025 14/08/2022 Books
    Dewey Decimal Classification     مكتبة حمزة العامة مكتبة حمزة العامة الأطفال 13/05/2018 1668977   ط/923.9/بجي PLD00420907 28/07/2025 13/05/2018 Books
    Dewey Decimal Classification     مكتبة صويلح العامة مكتبة صويلح العامة الأطفال 31/07/2019 364452   ط/923.9/بجي PLD00460885 28/07/2025 31/07/2019 Books
    Dewey Decimal Classification     مكتبة وادي السير العامة مكتبة وادي السير العامة الأطفال 17/11/2015 364444   ط/923.9/بجي PLD00365015 28/07/2025 17/11/2015 Books
Implemented & Customized by: BBB with SCIT (Smart Chains for Information Technology)

Powered by Koha